| 000 | 00844nam a2200229Ia 4500 | ||
|---|---|---|---|
| 003 | OSt | ||
| 005 | 20220923225420.0 | ||
| 006 | a|||||r|||| 00| 0 | ||
| 007 | ta | ||
| 008 | 220922b |||||||| |||| 00| 0 hin d | ||
| 024 | _a267,076 | ||
| 037 | _cTextual | ||
| 040 |
_aARTS _cARTS _bhin |
||
| 041 |
_2hin _ahin |
||
| 082 | _aR65,6:g, 152L8 | ||
| 100 | _aव्रजेशकुमारी | ||
| 245 | 0 | _aअमृत तरंगिणी हिन्दी अनु वासुदेवकृष्ण चतुर्वेदी | |
| 246 | _aAmṛut tarangiṇī hindī anu0 vāsudevakṛuṣhṇa chaturvedī | ||
| 260 |
_aकॉंकरौली _b श्रीविद्या विभाग _c1978 |
||
| 942 |
_hR65,6:g, 152L8 _cTEXL _2CC |
||
| 999 |
_c378127 _d378127 |
||